Teoría del derecho.

Gespeichert in:
Bibliographische Detailangaben
1. Verfasser: Ara Pinilla, Ignacio (autor)
Format: Buch
Sprache:Spanisch
Veröffentlicht: Madrid, España: Talleres Ediciones JB, 2005.
Ausgabe:2a. edición.
Schlagworte:
Tags: Tag hinzufügen
Keine Tags, Fügen Sie den ersten Tag hinzu!

MARC

LEADER 00000nam a2200000 a 4500
001 UCI0458
003 CL-VaPUC
005 20220822114357.0
008 070511e20050000SP |||||||||||||||||spa|d
999 |c 325611  |d 325609 
020 |a 84-6054-248-3 
040 |c Pontificia Universidad Católica de Valparaíso 
082 0 4 |a 340.1 ARA 2005  |2 21 
100 |a Ara Pinilla, Ignacio  |e autor  |9 520593 
245 1 0 |a Teoría del derecho. 
250 |a 2a. edición.   |b Revisada y ampliada.  
260 |a Madrid, España:   |b Talleres Ediciones JB,  |c 2005.  
300 |a 532 páginas.  
500 |a c.2 Donación Familia Prof. Alejandro Guzmán Brito. 
583 |a last modification  |c 20130305 11:11:03  |k Rodrigo Vera 
650 0 |a Filosofía del derecho   |9 255050 
650 0 |a Teoría del derecho  |9 255982 
942 |c BK  |2 ddc  |n 0 
945 |d 20070511 00:00:00  |a jtorresc 
952 |0 0  |1 0  |4 0  |6 340_100000000000000_ARA_2005  |7 0  |8 A  |9 406653  |a BIBDER  |b BIBDER  |d 2019-11-22  |i 4338537  |o 340.1 ARA 2005  |p 4338537  |r 2023-01-25  |w 2019-11-22  |y BK  |k DER 
952 |0 0  |1 0  |2 ddc  |4 0  |6 340_100000000000000_ARA_2005  |7 1  |8 C_AGB  |9 581070  |a BIBDER  |b BIBDER  |d 2022-02-02  |e Donación   |i 564416K  |o 340.1 ARA 2005  |p 564416K  |r 2023-01-25  |t 2  |w 2022-02-02  |y BK_US  |k AGB